Statistics for Name a Japanese Prefecture A-Z

Click here to take the quiz!

General Stats

  • This quiz has been taken 199 times
  • The average score is 10 of 15

Answer Stats

Prefecture% Correct
TTochigi | Tokushima | Tokyo | Tottori | Toyama
92%
HHiroshima | Hokkaido | Hyōgo
91%
OŌita | Okayama | Okinawa | Osaka
91%
KKagawa | Kagoshima | Kanagawa |
Kōchi | Kumamoto | Kyoto
88%
NNagano | Nagasaki | Nara | Niigata
88%
FFukui | Fukuoka | Fukushima
84%
AAichi | Akita | Aomori
67%
CChiba
63%
SSaga | Saitama | Shiga | Shimane | Shizuoka
63%
GGifu | Gunma
55%
MMie | Miyagi | Miyazaki
53%
IIbaraki | Ishikawa | Iwate
52%
WWakayama
52%
EEhime
49%
YYamagata | Yamaguchi | Yamanashi
49%

Score Distribution

Percentile by Number Answered

Percent of People with Each Score

Your Score History

You have not taken this quiz